[Event "2nd Cambridge Int Open"]
[Site "Cambridge ENG"]
[Date "2024.02.22"]
[Round "6.8"]
[White "Wells, Peter K"]
[Black "Turner, Matthew J"]
[Result "1/2-1/2"]
[WhiteTitle "GM"]
[BlackTitle "GM"]
[WhiteElo "2343"]
[BlackElo "2447"]
[WhiteFideId "400327"]
[BlackFideId "402893"]
[EventDate "2024.02.19"]

1. d4 d5 2. c4 c6 3. Nf3 Nf6 4. Nc3 g6 5. cxd5 cxd5 6. Bf4 Nc6 7. h3 Bg7 8. e3
O-O 9. Bd3 Qb6 10. a3 Bf5 11. Bxf5 gxf5 12. Qc2 Rac8 13. g4 fxg4 14. hxg4 Na5
15. Nd2 Rfe8 16. Rc1 Kf8 17. Bh6 e5 18. Qf5 exd4 19. Bxg7+ Kxg7 20. g5 Nh5 21.
Rxh5 Qg6 22. Qf6+ Kg8 23. Rh6 Qd3 24. Nf3 dxc3 25. bxc3 Nb3 26. g6 fxg6 27. Rxh7
Rxe3+ 28. fxe3 Qxe3+ 29. Kf1 Qxc1+ 30. Kg2 Kxh7 31. Ng5+ Kh6 32. Nf7+ Kh7 33.
Ng5+ Kh6 34. Nf7+ Kh7 35. Ng5+ 1/2-1/2

[Event "2nd Cambridge Int Open"]
[Site "Cambridge ENG"]
[Date "2024.02.22"]
[Round "6.9"]
[White "Fava, Lorenzo"]
[Black "Wadsworth, Matthew J"]
[Result "1/2-1/2"]
[BlackTitle "IM"]
[WhiteElo "2140"]
[BlackElo "2444"]
[WhiteFideId "2837434"]
[BlackFideId "415804"]
[EventDate "2024.02.19"]

1. e4 e6 2. d3 d5 3. Nd2 Nf6 4. Ngf3 Be7 5. g3 O-O 6. Bg2 a5 7. O-O a4 8. a3 Nc6
9. Re1 dxe4 10. Nxe4 Nxe4 11. Rxe4 b6 12. c3 Bb7 13. Rxa4 Rxa4 14. Qxa4 Qxd3 15.
Be3 Ra8 16. Qd1 Qxd1+ 17. Rxd1 Na5 18. Rd7 Rd8 19. Rxd8+ Bxd8 20. Nd2 Bd5 21. b4
Nc6 22. c4 Bxg2 23. Kxg2 Kf8 24. Kf1 Ke8 25. Ke2 Be7 26. f4 f5 27. Nf3 Bf6 28.
Bd2 Kd7 29. Kd3 g6 30. a4 Be7 31. c5 bxc5 32. b5 Nd8 33. Ne5+ Kc8 34. a5 Nb7 35.
Nc6 Bf6 36. Be3 Nd6 37. Bxc5 Nxb5 38. a6 g5 39. Kc4 Nd6+ 40. Bxd6 cxd6 41. fxg5
Bxg5 42. Nd4 d5+ 43. Kb5 e5 44. Nxf5 e4 45. Kc6 Kb8 46. Kxd5 e3 47. Nd4 Ka7 48.
h4 Bf6 49. Ne2 Kxa6 50. Ke4 Kb6 51. Kxe3 Kc6 52. Kf4 Kd6 53. Kf5 Ke7 54. Nf4 Kf7
55. Nh3 Bc3 56. Ng5+ Kg7 57. Nf3 Kf7 58. Ne5+ Kg7 59. g4 Bxe5 60. Kxe5 Kf7 61.
Kf5 Kg7 62. Ke6 Kg6 63. Ke7 Kg7 64. Ke6 Kg6 65. Ke7 Kg7 66. h5 Kg8 67. Kf6 Kf8
68. h6 Kg8 69. Ke7 Kh8 70. Kf8 1/2-1/2

[Event "2nd Cambridge Int Open"]
[Site "Cambridge ENG"]
[Date "2024.02.22"]
[Round "6.10"]
[White "Dishman, Stephen"]
[Black "Hanley, Craig A"]
[Result "1/2-1/2"]
[WhiteTitle "FM"]
[BlackTitle "IM"]
[WhiteElo "2273"]
[BlackElo "2431"]
[WhiteFideId "403024"]
[BlackFideId "408514"]
[EventDate "2024.02.19"]

1. Nf3 a6 2. d4 d5 3. Bf4 Nf6 4. e3 Bf5 5. c4 dxc4 6. Bxc4 e6 7. Nc3 Be7 8. O-O
Nbd7 9. Bb3 Ne4 10. Rc1 Bd6 11. Bxd6 cxd6 12. Nxe4 Bxe4 13. Bc2 Bc6 14. e4 d5
15. e5 Rc8 16. Qd2 h6 17. h4 g6 18. Qf4 Qe7 19. Rfe1 Kd8 20. Bd3 Nb6 21. b3 Nd7
22. Re2 Kc7 23. Rec2 Kb6 24. a4 Rcg8 25. Qd2 g5 26. hxg5 hxg5 27. g3 g4 28. Nh2
Nb8 29. Qf4 Qg5 30. Qxg5 Rxg5 31. Be2 Rhg8 32. Ra1 Bd7 33. Rd1 Nc6 34. Kg2 Ka5
35. Rc3 Kb4 36. Re3 Ne7 37. Rc1 Bc6 38. Rec3 R8g6 39. Bd3 f5 40. Nf1 Rh5 41. Nd2
Rgh6 42. Kf1 Rh2 43. R3c2 R6h3 44. Ke1 f4 45. Nf1 fxg3 46. fxg3 Rh1 47. Kf2 Rh8
48. Kg2 R1h5 49. Rf2 Kxb3 50. Rfc2 Kb4 51. Rb2+ Ka3 52. Rb6 Ka2 53. Rc2+ Ka3 54.
Rc1 Ka2 55. Rc2+ Ka3 56. Rc1 Ka2 57. Rc2+ Ka3 58. Rc1 Ka2 1/2-1/2

[Event "2nd Cambridge Int Open"]
[Site "Cambridge ENG"]
[Date "2024.02.22"]
[Round "6.12"]
[White "Ghasi, Ameet K"]
[Black "Asgarova, Turan"]
[Result "1-0"]
[WhiteTitle "IM"]
[WhiteElo "2509"]
[BlackElo "1988"]
[WhiteFideId "409200"]
[BlackFideId "13403451"]
[EventDate "2024.02.19"]

1. Nf3 Nf6 2. g3 g6 3. Bg2 Bg7 4. O-O O-O 5. d3 c6 6. e4 d6 7. Nbd2 b5 8. a4 Bb7
9. d4 Qc7 10. e5 Nd5 11. e6 h6 12. Nh4 b4 13. exf7+ Rxf7 14. Nxg6 Bxd4 15. Ne4
Bg7 16. Qh5 Nd7 17. Bxh6 N7f6 18. Qh4 Bxh6 19. Qxh6 Rh7 20. Qg5 Rg7 21. h4 c5
22. h5 Kf7 23. Qf5 Bc8 24. Ng5+ Ke8 25. Ne6 Bxe6 26. Qxe6 Nb6 27. a5 1-0

[Event "2nd Cambridge Int Open"]
[Site "Cambridge ENG"]
[Date "2024.02.22"]
[Round "6.13"]
[White "Hagesather, Nina"]
[Black "York-Weaving, Richard"]
[Result "0-1"]
[WhiteTitle "WFM"]
[BlackTitle "FM"]
[WhiteElo "1973"]
[BlackElo "2343"]
[WhiteFideId "1501542"]
[BlackFideId "401161"]
[EventDate "2024.02.19"]

1. e4 c5 2. c4 Nc6 3. Nc3 g6 4. g3 Bg7 5. Bg2 e6 6. Nge2 Nge7 7. O-O O-O 8. d3
b6 9. a3 Bb7 10. Rb1 d6 11. b4 Qd7 12. b5 Nd4 13. Nxd4 cxd4 14. Ne2 d5 15. cxd5
exd5 16. e5 Bxe5 17. Bb2 Qd6 18. Nxd4 Qf6 19. Qa4 Nf5 20. Nxf5 Bxb2 21. Nd6 Qxd6
22. Rxb2 Rfc8 23. Re1 Kg7 24. Rbe2 Rc7 25. Qd4+ Qf6 26. Qb4 Rd8 27. Re8 Rd6 28.
R1e5 Rc1+ 29. Re1 Rc2 30. R1e2 Rc7 31. R2e5 Bc8 32. d4 Bd7 33. R8e7 Rc1+ 34. Re1
Rc4 35. Qb3 Rxd4 36. R7e3 Bf5 37. Re7 Re6 38. R1xe6 Bxe6 39. Rxa7 Rc4 40. Bf1
Rc1 41. Qe3 Ra1 42. Kg2 d4 43. Qe4 Bf5 44. Qd5 Be6 45. Qe4 Ra2 46. Be2 Bf5 47.
Qf3 d3 48. Bd1 Qe5 49. Ra4 Re2 50. Rf4 Qe6 51. Rxf5 gxf5 52. Qxd3 Qe4+ 53. Qxe4
Rxe4 54. Bc2 Re5 55. a4 Rc5 56. Bd3 Rd5 57. Bc2 Rc5 58. Bd3 Rd5 59. Bc2 Kf6 60.
h4 h6 61. Kf3 Rd2 62. Bb1 Rb2 63. Bd3 Rb3 64. Ke2 f4 65. g4 Ra3 66. Be4 Rxa4 67.
f3 Ra2+ 68. Kd3 Rh2 69. h5 Ke5 70. Bf5 Rf2 71. Be4 Rb2 72. Kc4 Rd2 73. Kc3 Rd4
74. Bf5 Rd5 75. Kc4 Rc5+ 76. Kb4 Kd4 77. Bd7 Rc4+ 78. Kb3 Rc3+ 0-1

[Event "2nd Cambridge Int Open"]
[Site "Cambridge ENG"]
[Date "2024.02.22"]
[Round "6.14"]
[White "Golubovic, Boris"]
[Black "Jermy, Jaden"]
[Result "1/2-1/2"]
[WhiteTitle "IM"]
[WhiteElo "2342"]
[BlackElo "1968"]
[WhiteFideId "14502160"]
[BlackFideId "459496"]
[EventDate "2024.02.19"]

1. Nf3 Nf6 2. c4 e6 3. g3 d5 4. Bg2 Be7 5. O-O O-O 6. d4 dxc4 7. Qc2 b5 8. a4
Bb7 9. axb5 a6 10. bxa6 Nxa6 11. Qxc4 Bd5 12. Qd3 Nb4 13. Rxa8 Qxa8 14. Qd1 Ne4
15. Nc3 Nxc3 16. bxc3 Na2 17. Bd2 Rb8 18. Ne1 Qa3 19. Bxd5 exd5 20. Qc2 Rb3 21.
Qf5 Qa8 22. Qc2 Qa3 23. Qf5 Qa8 24. Nc2 Nxc3 25. Qd3 Ne4 26. Qxb3 Nxd2 27. Qe3
Nxf1 28. Qxe7 Nd2 29. Qxc7 h6 30. Qc3 Ne4 31. Qd3 Qa2 32. Ne3 Qa1+ 33. Kg2 Qe1
34. Nd1 Nd2 35. Ne3 Ne4 36. Nd1 Nd2 37. Ne3 Ne4 1/2-1/2

[Event "2nd Cambridge Int Open"]
[Site "Cambridge ENG"]
[Date "2024.02.22"]
[Round "6.15"]
[White "Redman, David J"]
[Black "Gourlay, Iain"]
[Result "0-1"]
[BlackTitle "FM"]
[WhiteElo "1971"]
[BlackElo "2301"]
[WhiteFideId "421782"]
[BlackFideId "2401533"]
[EventDate "2024.02.19"]

1. Nf3 d5 2. c4 e6 3. d4 Nf6 4. Nc3 Be7 5. Bg5 h6 6. Bh4 O-O 7. e3 b6 8. Be2
dxc4 9. Bxf6 Bxf6 10. Bxc4 Bb7 11. O-O Nd7 12. e4 Re8 13. Qb3 c5 14. d5 exd5 15.
Nxd5 Rxe4 16. Rad1 Ne5 17. Nc3 Nxf3+ 18. gxf3 Rd4 19. Nb5 Be5 20. Bxf7+ Kh8 21.
Rxd4 cxd4 22. Re1 Qg5+ 23. Kf1 Rd8 24. Qd3 Rf8 25. Nxd4 Bxd4 26. Qxd4 Rxf7 27.
Re8+ Kh7 28. Qd3+ Qf5 0-1

[Event "2nd Cambridge Int Open"]
[Site "Cambridge ENG"]
[Date "2024.02.22"]
[Round "6.17"]
[White "Gluma, Christian"]
[Black "Sivanandan, Bodhana"]
[Result "1/2-1/2"]
[BlackTitle "WCM"]
[WhiteElo "2219"]
[BlackElo "1898"]
[WhiteFideId "16223209"]
[BlackFideId "497592"]
[EventDate "2024.02.19"]

1. e4 c6 2. d4 d5 3. exd5 cxd5 4. Bd3 Nc6 5. c3 Qc7 6. Ne2 Bg4 7. O-O e6 8. Qe1
Bd6 9. f3 Bf5 10. Bxf5 exf5 11. Nf4+ Nge7 12. Nxd5 Bxh2+ 13. Kh1 Qd6 14. Ne3
O-O-O 15. Nc4 Qg3 16. f4 h5 17. Qxg3 Bxg3 18. Rf3 h4 19. Nbd2 Nd5 20. Nf1 Nf6
21. Bd2 Ne4 22. Be1 Rh6 23. Kg1 Rg6 24. Nxg3 hxg3 25. Ne3 Ne7 26. Nf1 Nd5 27.
Nxg3 Nxg3 28. Rxg3 Nxf4 29. Rxg6 fxg6 30. Bd2 Ne6 31. Re1 Kd7 32. Kf2 a6 33. Rh1
Ke7 34. g3 g5 35. Kf3 g4+ 36. Ke2 Kf6 37. Be3 b5 38. a3 Rd7 39. b3 Rd8 40. Rd1
Ng5 41. Bxg5+ Kxg5 42. c4 f4 43. gxf4+ Kxf4 44. d5 Ke5 45. Ke3 g5 46. Rg1 Rh8
47. Kd2 Rh3 48. Kc2 bxc4 49. bxc4 Rxa3 50. Rxg4 Kd6 51. Rxg5 Kc5 52. Rg4 a5 53.
Re4 a4 54. Kd2 Rb3 55. Kc2 1/2-1/2

[Event "2nd Cambridge Int Open"]
[Site "Cambridge ENG"]
[Date "2024.02.22"]
[Round "6.46"]
[White "Orton, Stephen L A"]
[Black "Lim, Mark ENG"]
[Result "1-0"]
[WhiteElo "2154"]
[BlackElo "1776"]
[WhiteFideId "414921"]
[BlackFideId "417734"]
[EventDate "2024.02.19"]

1. e4 e6 2. d4 d5 3. Nd2 c5 4. exd5 Qxd5 5. Ngf3 cxd4 6. Bc4 Qd6 7. O-O Nf6 8.
Nb3 Nc6 9. Nbxd4 Nxd4 10. Nxd4 Be7 11. Re1 O-O 12. c3 Bd7 13. Qf3 Qc7 14. Bd3
Rfe8 15. Bf4 Bd6 16. Nb5 Bxb5 17. Bxd6 Qxd6 18. Bxb5 Re7 19. Rad1 Qb6 20. Qe2 a6
21. Ba4 Qa5 22. Bb3 Rd8 23. h3 h6 24. Rxd8+ Qxd8 25. Rd1 Rd7 26. Rxd7 Qxd7 27.
Qd1 Qc7 28. Qd4 b6 29. g4 a5 30. h4 e5 31. Qd1 Nh7 32. Qd5 Qe7 33. f3 Nf8 34. h5
Qf6 35. Bc2 Qf4 36. Kg2 Qf6 37. b4 axb4 38. cxb4 Qe7 39. a3 Qc7 40. Bb3 Ne6 41.
Qa8+ Nd8 42. a4 Qd6 43. Qd5 Qc7 44. a5 Ne6 45. Qa8+ Nf8 46. Qe8 bxa5 47. bxa5 e4
48. fxe4 Qf4 49. Bd5 Qxg4+ 50. Kf2 Qxh5 51. a6 Qh2+ 52. Ke3 Qg1+ 53. Kd3 Qb1+
54. Kc4 Qc2+ 55. Kb5 Qb2+ 56. Kc6 Qc3+ 57. Kb7 Qf6 58. Qxf7+ Qxf7+ 59. Bxf7+
Kxf7 60. a7 Ne6 61. a8=Q Nc5+ 62. Kb6 Nd7+ 63. Kc7 Nf6 64. e5 Ng4 65. Qf3+ 1-0

[Event "2nd Cambridge Int Open"]
[Site "Cambridge ENG"]
[Date "2024.02.22"]
[Round "6.48"]
[White "Smart, Michael R"]
[Black "Sasikumar, Srivathsan"]
[Result "0-1"]
[WhiteElo "1943"]
[BlackElo "1719"]
[WhiteFideId "411370"]
[BlackFideId "343401279"]
[EventDate "2024.02.19"]

1. e4 c5 2. Nf3 Nc6 3. d4 cxd4 4. c3 d3 5. Bxd3 g6 6. O-O Bg7 7. Be3 d6 8. h3
Nf6 9. Nbd2 O-O 10. Nb3 Nd7 11. Qd2 Nde5 12. Nxe5 Nxe5 13. Be2 f5 14. f4 Nc6 15.
exf5 Bxf5 16. Nd4 Nxd4 17. Bxd4 e5 18. Be3 Qe7 19. Rad1 Rad8 20. Bxa7 d5 21.
fxe5 Bxe5 22. Bd4 Bxd4+ 23. Qxd4 Qxe2 24. Rde1 Qc4 25. Qb6 Qc6 26. Qd4 Be4 27.
b4 Qc7 28. Qe3 Rde8 29. a4 Rc8 30. Rxf8+ Rxf8 31. a5 Rc8 32. Rc1 Qc6 33. Qf4 Rf8
34. Qe3 Qc4 35. Qb6 d4 36. Qxd4 Qe2 0-1

[Event "2nd Cambridge Int Open"]
[Site "Cambridge ENG"]
[Date "2024.02.22"]
[Round "6.49"]
[White "Wheatley, Wilfred"]
[Black "Kenning, Paul H"]
[Result "1-0"]
[WhiteElo "1864"]
[BlackElo "1681"]
[WhiteFideId "343414877"]
[BlackFideId "441538"]
[EventDate "2024.02.19"]

1. e4 d6 2. d4 Nf6 3. f3 e5 4. d5 Be7 5. c4 O-O 6. Nc3 Nh5 7. Be3 Bg5 8. Bf2 g6
9. g4 Ng7 10. h4 Be7 11. Nge2 a5 12. Nc1 Nd7 13. Nd3 b6 14. Be2 Nc5 15. Qd2
Nxd3+ 16. Bxd3 h5 17. Be2 Kh7 18. O-O-O Bd7 19. Rdg1 Rh8 20. g5 Qe8 21. Be3 Rb8
22. Rf1 Rf8 23. f4 exf4 24. Rxf4 Bd8 25. Bd4 Be7 26. Bf6 Qd8 27. Rhf1 Bxf6 28.
gxf6 Ne8 29. Qd1 Kh6 30. Qe1 Kh7 31. Qg3 c6 32. Qg5 Bg4 33. Bxg4 hxg4 34. h5 1-0

[Event "2nd Cambridge Int Open"]
[Site "Cambridge ENG"]
[Date "2024.02.22"]
[Round "6.50"]
[White "Baguley, John"]
[Black "Berkley, Stephen W"]
[Result "1/2-1/2"]
[WhiteElo "1790"]
[BlackElo "1667"]
[WhiteFideId "436755"]
[BlackFideId "486850"]
[EventDate "2024.02.19"]

1. d4 e6 2. Bf4 d5 3. Nf3 Bd6 4. Bg3 f5 5. e3 Nf6 6. Nbd2 O-O 7. Ne5 Qe7 8. h4
Ne4 9. Bf4 Nxd2 10. Qxd2 Nd7 11. Be2 Nf6 12. h5 Bd7 13. h6 g6 14. Qd1 Bxe5 15.
Bxe5 Qb4+ 16. c3 Qxb2 17. Qc1 Qxc1+ 18. Rxc1 Rac8 19. Rb1 Bc6 20. f3 Nd7 21. Bg7
Rf7 22. f4 Nf6 23. g4 fxg4 24. Rg1 b6 25. Bxg4 Bd7 26. Bf3 c5 27. Rb2 cxd4 28.
cxd4 Rc1+ 29. Kf2 Rxg1 30. Kxg1 Ne8 31. Be5 Re7 32. Rc2 Kf7 33. Be2 Ba4 34. Rc1
b5 35. Rc5 Rb7 36. Bg4 b4 37. Kf2 Nf6 38. Bxf6 Kxf6 39. Rc8 b3 40. axb3 Bxb3 41.
Rc6 Re7 42. Be2 1/2-1/2

[Event "2nd Cambridge Int Open"]
[Site "Cambridge ENG"]
[Date "2024.02.22"]
[Round "6.51"]
[White "Alderson, John K A"]
[Black "Blauhut, Anna"]
[Result "1-0"]
[WhiteElo "1788"]
[BlackElo "1532"]
[WhiteFideId "422711"]
[BlackFideId "1550128"]
[EventDate "2024.02.19"]

1. c4 e6 2. e4 d5 3. cxd5 exd5 4. exd5 Nf6 5. Bb5+ Bd7 6. Qe2+ Qe7 7. Nc3 Bxb5
8. Nxb5 Nxd5 9. d4 Nd7 10. Bd2 c6 11. Nd6+ Kd8 12. Nxb7+ Kc7 13. Na5 Qxe2+ 14.
Nxe2 Re8 15. Kf1 N7b6 16. Rc1 Re6 17. Nf4 Nxf4 18. Bxf4+ Kd7 19. g3 Bb4 20. Nc4
f6 21. a3 Nxc4 22. Rxc4 Re1+ 23. Kg2 Rxh1 24. Kxh1 Bd6 25. Be3 a5 26. Kg2 Rb8
27. Rc2 Rb5 28. Kf3 f5 29. Bf4 Rb3+ 30. Be3 g6 31. Ke2 Be7 32. Bc1 Bf6 33. Rc3
Rb5 34. Kd3 Rd5 35. Rc4 g5 36. a4 Kd6 37. Bd2 c5 38. Bc3 h6 39. Rxc5 1-0

[Event "2nd Cambridge Int Open"]
[Site "Cambridge ENG"]
[Date "2024.02.22"]
[Round "6.52"]
[White "Spanton, Tim R"]
[Black "Bay-Petersen, Ole"]
[Result "1-0"]
[WhiteElo "1766"]
[BlackElo "1672"]
[WhiteFideId "404802"]
[BlackFideId "430188"]
[EventDate "2024.02.19"]

1. e4 e6 2. d4 c5 3. d5 exd5 4. exd5 d6 5. Nf3 a6 6. a4 Nd7 7. Nc3 g6 8. Bf4
Ndf6 9. Be2 Bg7 10. Qd2 h6 11. O-O Ne7 12. Rfe1 g5 13. Be3 O-O 14. h3 Nf5 15.
Bd3 Nxe3 16. Rxe3 Nd7 17. Rae1 Ne5 18. Nxe5 Bxe5 19. Rxe5 dxe5 20. Rxe5 Bd7 21.
d6 b6 22. Nd5 Re8 23. Ne7+ Rxe7 24. dxe7 Qe8 25. Rxg5+ Kh8 26. Qc3+ 1-0

[Event "2nd Cambridge Int Open"]
[Site "Cambridge ENG"]
[Date "2024.02.22"]
[Round "6.53"]
[White "Bowers, Francis J"]
[Black "Gaffney, Samuel"]
[Result "1-0"]
[WhiteElo "1732"]
[BlackElo "1689"]
[WhiteFideId "438383"]
[BlackFideId "420859"]
[EventDate "2024.02.19"]

1. e4 d5 2. exd5 Qxd5 3. Nc3 Qa5 4. g3 Nf6 5. Bg2 c6 6. Nf3 Bg4 7. h3 Bh5 8. O-O
Nbd7 9. d4 e6 10. Bf4 Nd5 11. Nxd5 cxd5 12. Re1 Rc8 13. c3 Be7 14. Qb3 b6 15. g4
Bg6 16. Bf1 O-O 17. Bd2 b5 18. c4 bxc4 19. Bxa5 cxb3 20. axb3 Rc2 21. Bc3 Nf6
22. Rxa7 Bd6 23. Rea1 Ne4 24. Bd3 Rxc3 25. bxc3 Nxc3 26. Bxg6 hxg6 27. Kf1 Bf4
28. Ra8 g5 29. b4 Bd6 30. Rxf8+ Kxf8 31. Nxg5 Bxb4 32. Ra8+ Ke7 33. Ra7+ Kf6 34.
Nxf7 g6 35. Ne5 Nb5 36. Rf7+ Kg5 37. f4+ 1-0

[Event "2nd Cambridge Int Open"]
[Site "Cambridge ENG"]
[Date "2024.02.23"]
[Round "7.1"]
[White "Willow, Jonah B"]
[Black "Tiviakov, Sergei"]
[Result "0-1"]
[WhiteTitle "IM"]
[BlackTitle "GM"]
[WhiteElo "2445"]
[BlackElo "2534"]
[WhiteFideId "438804"]
[BlackFideId "1008013"]
[EventDate "2024.02.19"]

1. e4 e6 2. d4 d5 3. Nc3 dxe4 4. Nxe4 Nd7 5. Nf3 Ngf6 6. Nxf6+ Nxf6 7. c3 Be7 8.
Bd3 b6 9. Ne5 Bb7 10. Qa4+ c6 11. Be3 Qc7 12. O-O-O O-O 13. Qc2 c5 14. Rhe1 h6
15. Qe2 cxd4 16. Bxd4 Rad8 17. Bc4 Bd5 18. Bxd5 Rxd5 19. Qc4 Bc5 20. Bxc5 Rxc5
21. Qe2 b5 22. Kb1 a5 23. Rd4 Rc8 24. f4 Nd5 25. Qd2 f6 26. Nd3 Rc6 27. f5 b4
28. c4 Rxc4 29. Rxc4 Qxc4 30. fxe6 Rd8 31. Qe2 b3 32. axb3 Qxb3 33. Qc2 Qb5 34.
Nc1 a4 35. Qd3 Qb6 36. Na2 Ne7 37. Qa3 Qf2 38. Qb4 Rd4 39. Qc3 Rg4 40. g3 Qxh2
41. Rd1 Rxg3 42. Qc7 a3 43. Qb8+ Kh7 44. bxa3 Qh3 45. Qc7 Rxa3 46. Qc2+ f5 0-1

[Event "2nd Cambridge Int Open"]
[Site "Cambridge ENG"]
[Date "2024.02.23"]
[Round "7.2"]
[White "Adams, Michael"]
[Black "Sonis, Francesco"]
[Result "1/2-1/2"]
[WhiteTitle "GM"]
[BlackTitle "GM"]
[WhiteElo "2673"]
[BlackElo "2570"]
[WhiteFideId "400041"]
[BlackFideId "895733"]
[EventDate "2024.02.19"]

1. e4 e5 2. Nf3 Nc6 3. Bb5 a6 4. Ba4 Nf6 5. O-O Be7 6. d3 b5 7. Bb3 d6 8. a4 Rb8
9. axb5 axb5 10. Re1 O-O 11. Nbd2 Nb4 12. Nf1 c5 13. c3 Nc6 14. Ne3 Be6 15. Nd5
Qd7 16. Bg5 Bxd5 17. Bxd5 Nxd5 18. exd5 Nd8 19. Bxe7 Qxe7 20. d4 f6 21. dxc5
dxc5 22. Nd2 Nf7 23. Ne4 Rfd8 24. Qg4 Rxd5 25. Ra7 f5 26. Rxe7 fxg4 27. Ra1 Nh6
28. g3 Nf5 29. Rc7 c4 30. Kg2 Rf8 31. Rc5 Rxc5 32. Nxc5 Rd8 33. Ne4 h6 34. Ra6
Rd5 35. Rb6 Kh7 36. h3 gxh3+ 37. Kxh3 Kg8 38. Kg4 Ne7 39. Rd6 Kf8 40. Rxd5 Nxd5
41. Kf5 Nb6 42. Nd6 Na4 43. Nxb5 Nxb2 44. f3 Nd3 45. Nd6 Nc1 46. Kxe5 Ne2 47.
Ne4 Ke7 48. Kd5 g5 49. g4 Ng1 50. Nd2 Kf6 51. Kxc4 Ke5 52. Kd3 Nh3 53. Ke3 Nf4
54. Ne4 Kd5 55. Kd2 Ke5 56. Ng3 Kd5 57. Ne2 Ng6 58. Ke3 Ne5 59. Ng3 Nc4+ 60. Ke2
Nd6 61. Kd3 Ke5 62. Nh5 Nf7 63. c4 Nd8 64. Ke3 Nc6 65. Ng3 Na5 66. c5 Nc6 67.
Ne4 Kd5 68. Nd6 Ne5 69. Ne4 Nd7 70. c6 Kxc6 71. Kd4 Nf8 72. Ke5 Ng6+ 73. Kf6 Nh4
74. Nd2 Kd5 75. Kg7 Ke5 76. Kxh6 Kf4 77. Kh5 Ng2 78. Ne4 Kxf3 79. Nxg5+ Kf4 80.
Nf7 1/2-1/2

[Event "2nd Cambridge Int Open"]
[Site "Cambridge ENG"]
[Date "2024.02.23"]
[Round "7.3"]
[White "Haubro, Martin"]
[Black "Royal, Shreyas"]
[Result "1-0"]
[WhiteTitle "IM"]
[BlackTitle "IM"]
[WhiteElo "2421"]
[BlackElo "2483"]
[WhiteFideId "1414291"]
[BlackFideId "448869"]
[EventDate "2024.02.19"]

1. e4 c5 2. Nf3 d6 3. d4 cxd4 4. Nxd4 Nf6 5. Nc3 Nc6 6. Bg5 e6 7. Qd2 a6 8.
O-O-O Bd7 9. Kb1 Nxd4 10. Qxd4 Be7 11. f3 Qc7 12. Qd2 b5 13. g4 h5 14. gxh5 Nxh5
15. h4 Rc8 16. Bd3 g6 17. f4 Bxg5 18. hxg5 Qc5 19. e5 Bc6 20. Be4 dxe5 21. Bxc6+
Qxc6 22. Ne4 Qxe4 23. Qd7+ Kf8 24. Qxc8+ Kg7 25. Qxa6 exf4 26. Qxb5 Rd8 27. Rde1
Rd5 28. Rxe4 Rxb5 29. Rg1 f3 30. Re3 f2 31. Rf1 Rxg5 32. Rf3 f5 33. R3xf2 f4 34.
a4 Rf5 35. b4 e5 36. Re1 Nf6 37. b5 e4 38. c4 e3 39. Rc2 Nd7 40. a5 Re5 41. a6
f3 42. a7 f2 43. Rf1 Nb6 44. c5 Na8 45. b6 Re7 46. Kc1 g5 47. Kd1 g4 48. Ke2 Kf6
49. Rc3 1-0

[Event "2nd Cambridge Int Open"]
[Site "Cambridge ENG"]
[Date "2024.02.23"]
[Round "7.4"]
[White "Gourlay, Iain"]
[Black "Ghasi, Ameet K"]
[Result "1-0"]
[WhiteTitle "FM"]
[BlackTitle "IM"]
[WhiteElo "2301"]
[BlackElo "2509"]
[WhiteFideId "2401533"]
[BlackFideId "409200"]
[EventDate "2024.02.19"]

1. Nf3 Nf6 2. g3 g6 3. Bg2 Bg7 4. O-O O-O 5. d4 d6 6. b3 c5 7. Bb2 cxd4 8. Nxd4
d5 9. c4 e5 10. Nf3 e4 11. Nd4 dxc4 12. Nd2 c3 13. Bxc3 e3 14. Nc4 exf2+ 15.
Rxf2 Ng4 16. Rf4 Na6 17. Nb5 Bxc3 18. Nxc3 Nc7 19. Qd6 Nh6 20. Rd1 Ne6 21. Qe5
Qg5 22. Qxg5 Nxg5 23. Nd6 Rb8 24. Rc4 b6 25. Rc7 a5 26. Nd5 Ba6 27. Nf6+ Kg7 28.
Nd7 Bxe2 29. Re1 Ne6 30. Ra7 Nd4 31. Nxb8 Rxb8 32. Rc1 Bg4 33. Rc4 Nf3+ 34. Bxf3
Bxf3 35. Rc8 Rxc8 36. Nxc8 b5 37. Rxa5 Be2 38. Nd6 f5 39. Nxb5 g5 40. Nd4 Bd3
41. b4 Kf6 42. b5 Ke5 43. b6+ Kd6 44. Ra7 Be4 45. Rxh7 Ng4 46. b7 Kd5 1-0

[Event "2nd Cambridge Int Open"]
[Site "Cambridge ENG"]
[Date "2024.02.23"]
[Round "7.5"]
[White "Gasanov, Eldar"]
[Black "Shafi, Declan"]
[Result "1-0"]
[WhiteTitle "GM"]
[WhiteElo "2494"]
[BlackElo "2231"]
[WhiteFideId "14104466"]
[BlackFideId "2405156"]
[EventDate "2024.02.19"]

1. d4 Nf6 2. c4 g6 3. f3 Nh5 4. e4 e5 5. Be3 Bb4+ 6. Nc3 O-O 7. dxe5 Nc6 8. Qd2
Nxe5 9. a3 Bxc3 10. Qxc3 Qf6 11. O-O-O d6 12. Ne2 a6 13. h4 Be6 14. Bg5 Qg7 15.
g4 Nf6 16. Nd4 Nfd7 17. Kb1 c5 18. Nxe6 fxe6 19. f4 Nxg4 20. Qxg7+ Kxg7 21. Rxd6
Rf7 22. Bh3 h5 23. Rxe6 Ndf6 24. Bxf6+ Rxf6 25. Re7+ Kf8 26. Rxb7 Nf2 27. Rh2
Rxf4 28. Be6 Nxe4 29. Bd5 Re8 30. Rg2 Rf6 31. Rc7 Nf2 32. Ka2 Nd3 33. Kb3 Rb8+
34. Kc3 Nf4 35. Rd2 Nxd5+ 36. cxd5 Rf3+ 37. Kc4 Rf4+ 38. Kxc5 Rb5+ 39. Kc6 Rc4+
40. Kd6 Rxh4 41. Ke6 Rb8 42. d6 Re4+ 43. Kf6 Rd8 44. d7 Rf4+ 45. Ke6 Re4+ 46.
Kd6 Re7 47. Rf2+ Rf7 48. Rc8 Rxf2 49. Rxd8+ Kg7 50. Rg8+ Kh6 51. Rh8+ Kg7 52.
d8=Q Rd2+ 53. Ke5 Rxd8 54. Rxd8 Kh6 55. Kf6 1-0

[Event "2nd Cambridge Int Open"]
[Site "Cambridge ENG"]
[Date "2024.02.23"]
[Round "7.6"]
[White "Turner, Matthew J"]
[Black "Dishman, Stephen"]
[Result "1-0"]
[WhiteTitle "GM"]
[BlackTitle "FM"]
[WhiteElo "2447"]
[BlackElo "2273"]
[WhiteFideId "402893"]
[BlackFideId "403024"]
[EventDate "2024.02.19"]

1. Nf3 d5 2. g3 Bg4 3. Bg2 c6 4. O-O e6 5. d3 Bd6 6. c4 Nf6 7. Qb3 Qb6 8. Be3
Qxb3 9. axb3 Nbd7 10. h3 Bxf3 11. Bxf3 O-O 12. Nc3 a5 13. Na4 Bb4 14. Rfc1 Rfc8
15. Rc2 b5 16. Nc3 bxc4 17. bxc4 dxc4 18. dxc4 Ne5 19. Na4 Nxf3+ 20. exf3 Rd8
21. Kg2 h6 22. Bb6 Rd3 23. Nc5 Bxc5 24. Bxc5 Nd7 25. Be3 a4 26. f4 a3 27. bxa3
Rdxa3 28. Rxa3 Rxa3 29. Rd2 Nf6 30. Rd8+ Kh7 31. Rc8 Ra6 32. Kf3 h5 33. Ke2 Kg6
34. Kd3 Kf5 35. Kd4 Nd7 36. Rc7 e5+ 37. fxe5 Nxe5 38. f4 Nf3+ 39. Kd3 Ne1+ 40.
Ke2 Nc2 41. Rxf7+ Kg6 42. Ra7 Rxa7 43. Bxa7 Nb4 44. Kf3 Kf5 45. g4+ hxg4+ 46.
hxg4+ Ke6 47. f5+ Ke5 48. Bb8+ Kf6 49. Ke4 Nc2 50. Be5+ Kf7 51. Bc3 g6 52. Kd3
Na3 53. Bb2 gxf5 54. gxf5 1-0